<?xml version='1.0' encoding='UTF-8'?>
  <record xmlns="http://www.loc.gov/MARC21/slim">
    <leader>00000nem a2200000 i 4500</leader>
    <controlfield tag="001">ocn980372829</controlfield>
    <controlfield tag="003">OCoLC</controlfield>
    <controlfield tag="005">20251202153056.6</controlfield>
    <controlfield tag="008">031009s1832    be        a     0 0 fre d</controlfield>
    <datafield tag="040" ind1=" " ind2=" ">
      <subfield code="a">QGJ</subfield>
      <subfield code="b">dut</subfield>
      <subfield code="c">QGJ</subfield>
      <subfield code="d">OCLCO</subfield>
      <subfield code="d">OCLCL</subfield>
      <subfield code="d">OCLCQ</subfield>
    </datafield>
    <datafield tag="035" ind1=" " ind2=" ">
      <subfield code="a">(OCoLC)980372829</subfield>
    </datafield>
    <datafield tag="041" ind1=" " ind2=" ">
      <subfield code="a">fre</subfield>
    </datafield>
    <datafield tag="084" ind1=" " ind2=" ">
      <subfield code="a">74.21</subfield>
      <subfield code="2">bcl</subfield>
    </datafield>
    <datafield tag="100" ind1="1" ind2=" ">
      <subfield code="a">Raffles, Thomas Stamford,</subfield>
      <subfield code="d">1781-1826.</subfield>
    </datafield>
    <datafield tag="245" ind1="1" ind2="0">
      <subfield code="a">Carte de l'ile de Java /</subfield>
      <subfield code="c">par Thomas Stamford Raffles.</subfield>
    </datafield>
    <datafield tag="255" ind1=" " ind2=" ">
      <subfield code="a">Schaal [ca. 1:1.000.000].</subfield>
    </datafield>
    <datafield tag="264" ind1=" " ind2="1">
      <subfield code="a">Bruxelles :</subfield>
      <subfield code="b">Etablissement Géographique,</subfield>
      <subfield code="c">1832.</subfield>
    </datafield>
    <datafield tag="300" ind1=" " ind2=" ">
      <subfield code="a">1 krt. in 2 bl. :</subfield>
      <subfield code="b">steendruk, in kleur ;</subfield>
      <subfield code="c">43 x 114 cm</subfield>
    </datafield>
    <datafield tag="336" ind1=" " ind2=" ">
      <subfield code="a">cartografische afbeelding</subfield>
      <subfield code="b">cri</subfield>
      <subfield code="2">rdacontent/dut</subfield>
    </datafield>
    <datafield tag="337" ind1=" " ind2=" ">
      <subfield code="a">zonder medium</subfield>
      <subfield code="b">n</subfield>
      <subfield code="2">rdamedia/dut</subfield>
    </datafield>
    <datafield tag="338" ind1=" " ind2=" ">
      <subfield code="a">vel</subfield>
      <subfield code="b">nb</subfield>
      <subfield code="2">rdacarrier/dut</subfield>
    </datafield>
    <datafield tag="500" ind1=" " ind2=" ">
      <subfield code="a">Met 2 schaalstokken (British Statute Miles, Dutch Miles).</subfield>
    </datafield>
    <datafield tag="500" ind1=" " ind2=" ">
      <subfield code="a">Inzet: [1.] Carte minéralogique de l'ile de Java ... / par Thomas Horsfield 1812 (schaal [ca. 1:2.600.000]), (14 x 42 cm); [2.] Plan de Palabuan Ratu ou Wyn Coops Bay / levé par ... Baane par ordre du gouvernement hollandais en Février 1801 (schaal [ca. 1:90.000], (12 x 12 cm); [3-4.] Havres formés par l'ile Nusa Kambang'an: [3.] Havre d'ouest (schaal [ca. 1:40.000]), (11 x 11 cm); [4.] Havre d'est (schaal [ca. 1:85.000], (11 x 12 cm); [5.] Baie de Pachitau (schaal [ca. 1:80.000], (9 x 10 cm).</subfield>
    </datafield>
    <datafield tag="651" ind1=" " ind2="7">
      <subfield code="a">Java.</subfield>
      <subfield code="0">(NL-LeOCL)078551552.</subfield>
      <subfield code="2">gtt</subfield>
    </datafield>
    <datafield tag="655" ind1=" " ind2="7">
      <subfield code="a">Kaarten (vorm)</subfield>
      <subfield code="0">(NL-LeOCL)088143554.</subfield>
      <subfield code="2">gtt</subfield>
    </datafield>
    <datafield tag="700" ind1="1" ind2=" ">
      <subfield code="a">Horsfield, Thomas,</subfield>
      <subfield code="d">1773-1859.</subfield>
      <subfield code="1">https://id.oclc.org/worldcat/entity/E39PBJkp7DfCgMmbxrHFxRbfMP</subfield>
    </datafield>
    <datafield tag="700" ind1="1" ind2=" ">
      <subfield code="a">Baane, Jan Cornelis,</subfield>
      <subfield code="d">1762-1823.</subfield>
      <subfield code="1">https://id.oclc.org/worldcat/entity/E39PBJcgBRWWp97GhHVggr4H4q</subfield>
    </datafield>
    <datafield tag="936" ind1=" " ind2=" ">
      <subfield code="a">BATCHLOAD</subfield>
    </datafield>
  </record>